000 00816nmm a2200205 a 4500
005 20170208150207.0
008 170119t2014 ck |||||q||z| 00| 0 spa d
020 _a9789588747538
040 _aCO-BoIAVH
_cCO-BoIAVH
_dCO-BoIAVH
041 0 _aspa
090 _aMM-
245 0 3 _aLa colosa :
_bUna muerte anunciada. Informe alternativo acerca del proyecto de minreía de oro de AngloGold Ashanti en Cajamarca. Tolima, Colombia
257 _aColombia
264 _aIbagué (Colombia) :
_bUniversidad del Tolima,
_c2014.
300 _a1 CD-ROM (5 archivos pdf) :
_bilustraciones a color ;
650 1 6 _aMinería
_xAspectos ambientales
_zCajamarca (Tolima, Colombia)
_979295
650 2 6 _aProtección ambiental
_zCajamarca (Tolima, Colombia)
_979296
710 1 _aUniversidad del Tolima
_979297
942 _2z
_cCD-ROM
999 _c19218
_d19218